| 000 | 00618cam a2200205 a 4500 | ||
|---|---|---|---|
| 001 | 13349967 | ||
| 005 | 20241113170010.0 | ||
| 008 | 030923s1998 xxua b 000 0 eng | ||
| 020 | _a084231816X | ||
| 050 | 0 | 0 |
_aBV4501.2 _b.B8192 1998 |
| 100 | 1 | _aBuckingham, Jamie. | |
| 245 | 1 | 0 |
_aPower for living / _cby Jamie Buckingham ; commissioned by the Arthur S. DeMoss Foundation. |
| 250 | _aRev. ed. | ||
| 260 |
_a[United States : _bs.n.], _c1998. |
||
| 300 |
_aix, 134 p. : _bill. ; _c21 cm. |
||
| 500 | _a"November 1998". | ||
| 650 | 0 | _aChristian life. | |
| 710 | 2 | _aArthur S. DeMoss Foundation. | |
| 942 |
_2lcc _cBK _n0 |
||
| 999 |
_c1141 _d1141 |
||